Úsměv klauna /

Hlavní autor: Werich, Jan, 1905-1980
Další autoři: Bělíková, Marie
Jazyk: Čeština
Vydáno: Praha : Brána, 1997
Vydání: V tomto celku (bez Italských prázdnin) vyd. 2.
Témata:
Externí odkaz: Digitalizovaný dokument
Fyzický popis: 194 s. : il. ; 21 cm
Knihy
Uloženo v:
LEADER 01679nam a2200469 a 4500
001 000230237
003 CZ BrMZK
005 20210414113740.0
007 ta
008 960815s1997 xr g jacze d
015 |a cnb000281465 
020 |a 80-85946-69-6 
035 |a (OCoLC)53268853 
040 |a BOA001  |b cze 
043 |a e-xr--- 
045 |a x-x- 
072 7 |a 821.162.3-3  |x Česká próza  |2 Konspekt  |9 25 
080 |a 821.162.3-32  |2 MRF 
080 |a 821.162.3-34  |2 MRF 
080 |a 791/792.071.2  |2 MRF 
080 |a 929  |2 MRF 
080 |a (437.3)  |2 MRF 
080 |a (0:82-322.6)  |2 MRF 
080 |a (0:82-34)  |2 MRF 
080 |a (082.21)  |2 MRF 
100 1 |a Werich, Jan,  |d 1905-1980  |7 jk01151601  |4 aut 
245 1 0 |a Úsměv klauna /  |c Jan Werich ; [uspořádala a ediční poznámku napsala Marie Bělíková] 
250 |a V tomto celku (bez Italských prázdnin) vyd. 2. 
260 |a Praha :  |b Brána,  |c 1997 
300 |a 194 s. :  |b il. ;  |c 21 cm 
600 1 7 |a Werich, Jan,  |d 1905-1980  |7 jk01151601  |2 czenas 
648 7 |a 20. století  |7 ch460558  |2 czenas 
650 0 7 |a herci  |7 ph117199  |z Česko  |y 20. století  |2 czenas 
655 7 |a české povídky  |7 fd133971  |2 czenas 
655 7 |a autobiografické povídky  |7 fd131849  |2 czenas 
655 7 |a české pohádky  |7 fd133970  |2 czenas 
655 7 |a výbory  |7 fd133853  |2 czenas 
700 1 |a Bělíková, Marie  |7 mzk2003169454  |4 com  |4 ann 
856 4 1 |u http://www.digitalniknihovna.cz/mzk/uuid/uuid:44b59d70-1d36-11e4-8e0d-005056827e51  |y Digitalizovaný dokument  |x NDK 
910 |a BOA001  |b 2-1037.044 
990 |a BK 
996 6 |b 2610987401  |c 2-1037.044  |l MZK  |r Sklad / do 1 hodiny  |n 0  |p dar  |w 000230237  |u 000020  |a 1  |e BOA001  |j MZK50  |s P